Información (Record no. 1232)
[ view plain ]
| 000 -LEADER | |
|---|---|
| campo de control de longitud fija | 01877nas a2200445 i 4500 |
| 001 - NÚMERO DE CONTROL | |
| campo de control | 1232 |
| 003 - IDENTIFICADOR DE NÚMERO DE CONTROL | |
| campo de control | ES-MaACL |
| 005 - FECHA Y HORA DE LA ÚLTIMA TRANSACCIÓN | |
| campo de control | 20250901102120.0 |
| 007 - CAMPO FIJO DE DESCRIPCIÓN FÍSICA--INFORMACIÓN GENERAL | |
| campo de control de longitud fija | t| |
| 008 - DATOS DE LONGITUD FIJA--INFORMACIÓN GENERAL | |
| campo de control de longitud fija | 950801c1914 sp s|yp|rnn o| 1 ||pa d |
| 022 ## - NÚMERO INTERNACIONAL NORMALIZADO PARA PUBLICACIONES SERIADAS | |
| Número Internacional Normalizado para Publicaciones Seriadas | 0212-8845 |
| 080 ## - NÚMERO DE LA CLASIFICACIÓN DECIMAL UNIVERSAL | |
| Número de la Clasificación Decimal Universal | 351.284(460.152 B.) |
| 080 ## - NÚMERO DE LA CLASIFICACIÓN DECIMAL UNIVERSAL | |
| Número de la Clasificación Decimal Universal | 339(460.152) |
| 245 00 - MENCIÓN DEL TÍTULO | |
| Título | Información |
| Resto del título | : Órgano oficial de la Cámara de Comercio de Bilbao / |
| Mención de responsabilidad, etc. | [dir., José Barbier]. |
| 246 3# - FORMA VARIANTE DEL TITULO | |
| Título propio/Titulo breve | Información - Cámara de Comercio, Industria y Navegación de Bilbao |
| 246 3# - FORMA VARIANTE DEL TITULO | |
| Título propio/Titulo breve | Información |
| Resto del título | : revista quincenal |
| 246 31 - FORMA VARIANTE DEL TITULO | |
| Título propio/Titulo breve | Barriak |
| 246 33 - FORMA VARIANTE DEL TITULO | |
| Título propio/Titulo breve | Revista económica del País Vasco |
| 260 ## - PUBLICACIÓN, DISTRIBUCIÓN, ETC. | |
| Lugar de publicación, distribución, etc. | Bilbao : |
| Nombre del editor, distribuidor, etc. | Cámara de Comercio : |
| -- | Editorial Vizcaína, |
| Fecha de publicación, distribución, etc. | 1914- |
| 300 ## - DESCRIPCIÓN FÍSICA | |
| Extensión | 66 v. : |
| Otras características físicas | il., fot. ; |
| Dimensiones | 31 cm |
| Tamaño de la unidad | (30-42 cm) |
| 310 ## - PERIODICIDAD ACTUAL | |
| Periodicidad actual | Mensual |
| 321 ## - PERIODICIDAD ANTERIOR | |
| Periodicidad anterior | Quincenal, |
| Fechas de la periodicidad anterior | 1914-1964 |
| 362 0# - FECHAS DE PUBLICACIÓN Y/O DESIGNACIÓN SECUENCIAL | |
| Fecha de publicación y/o designación secuencial | Año 1, n. 1 (15 en. 1914)- |
| 500 ## - NOTA GENERAL | |
| Nota general | Índices: colocados al final de la revista. |
| 500 ## - NOTA GENERAL | |
| Nota general | Varía el subtít. |
| 525 ## - NOTA DE SUPLEMENTO | |
| Nota de suplemento | Suplementos: Información. Suplemento decenal (Cámara de Comercio, Industria y Navegación de Bilbao), Comercio 45; desde 1993 se transforma en un capítulo de su contenido. |
| 610 24 - PUNTO DE ACCESO ADICIONAL DE MATERIA--NOMBRE DE ENTIDAD CORPORATIVA | |
| Nombre de entidad corporativa o nombre de jurisdicción como elemento de entrada | Cámara de Comercio de Bilbao |
| 9 (RLIN) | 2358 |
| 650 17 - PUNTO DE ACCESO ADICIONAL DE MATERIA--TÉRMINO DE MATERIA | |
| Término de materia o nombre geográfico como elemento de entrada | Comercio |
| Fuente del encabezamiento o término | embne |
| 9 (RLIN) | 11157 |
| 650 #4 - PUNTO DE ACCESO ADICIONAL DE MATERIA--TÉRMINO DE MATERIA | |
| Término de materia o nombre geográfico como elemento de entrada | Comercio- |
| Subdivisión geográfica | País Vasco. |
| 9 (RLIN) | 156372 |
| 651 #4 - PUNTO DE ACCESO ADICIONAL DE MATERIA--NOMBRE GEOGRÁFICO | |
| Nombre geográfico | País Vasco- |
| Subdivisión general | Situación económica. |
| 9 (RLIN) | 156373 |
| 700 1# - ENTRADA AGREGADA--NOMBRE PERSONAL | |
| Nombre de persona | Barbier, José. |
| 9 (RLIN) | 25456 |
| 700 1# - ENTRADA AGREGADA--NOMBRE PERSONAL | |
| Nombre de persona | Carabias, Julio. |
| 9 (RLIN) | 34926 |
| 700 1# - ENTRADA AGREGADA--NOMBRE PERSONAL | |
| Nombre de persona | Olascoaga, Ramón de, |
| Fechas asociadas al nombre | 1864-1942 |
| 9 (RLIN) | 156374 |
| 710 2# - ENTRADA AGREGADA--NOMBRE DE ENTIDAD CORPORATIVA | |
| Nombre de entidad corporativa o nombre de jurisdicción como elemento de entrada | Cámara de Comercio de Bilbao |
| 9 (RLIN) | 2358 |
| 710 2# - ENTRADA AGREGADA--NOMBRE DE ENTIDAD CORPORATIVA | |
| Nombre de entidad corporativa o nombre de jurisdicción como elemento de entrada | Cámara de Comercio de Bilbao |
| 9 (RLIN) | 2358 |
| 740 02 - ENTRADA AGREGADA--TÍTULO RELACIONADO/ANALÍTICO NO CONTROLADO | |
| Título relacionado o analítico no controlado | Información. |
| Nombre de parte o sección de la obra | Anuario. |
| Número de parte o sección de la obra | 1984/1985- |
| 852 ## - LOCALIZACIÓN | |
| Ubicación | ES-MaACL |
| Número de control de estantería | Hem-526 |
| 866 #0 - MENCIÓN TEXTUAL DE FONDOS--UNIDAD BIBLIOGRÁFICA BÁSICA | |
| Fondos | (1914)1915-35(1936f.n.548)(1937f.n.552)(1938f.n.565-584)1939(1940-41)(1942f.n.643)1943-58(1959f.n.1038)1960-65(1966f.n.1186)1967-91(1992 hasta n 1480 oct.). |
| Estatus retirado | Estado de pérdida | Estado de daño | No para préstamo | Colección | Biblioteca de origen | Biblioteca actual | Ubicación en estantería | Fecha de adquisición | Fuente de adquisición | Total de préstamos | Signatura topográfica completa | Código de barras | Visto por última vez | Precio de reemplazo | Tipo de ítem Koha |
|---|---|---|---|---|---|---|---|---|---|---|---|---|---|---|---|
| Periódicos y Revistas | Biblioteca del Ateneo de Madrid | Biblioteca del Ateneo de Madrid | Depósito 1 | 17/01/2008 | Hem-526 | 1001258 | 23/02/2023 | 23/02/2023 | Revista |
